Top 300 Baby Girl Names UK 2021 - Statistics

General Stats
  • This quiz has been taken 1,983 times
  • The average score is 136 of 300
Answer Stats
Answer % Correct
97 Anna
91%
1 Olivia
91%
61 Emma
88%
25 Charlotte
85%
43 Eliza
85%
20 Ella
85%
19 Emily
85%
215 Hana
85%
89 Hannah
85%
9 Mia
85%
253 Amal
84%
216 Hanna
84%
133 Isabel
84%
33 Isabelle
84%
160 Isobel
84%
198 Lillie
84%
96 Lilly
84%
7 Lily
84%
210 Maia
84%
183 Mya
84%
4 Ava
83%
60 Elizabeth
83%
181 Eve
83%
29 Maya
83%
274 Aliza
82%
247 Ivy-Rose
82%
68 Rose
82%
100 Sara
82%
41 Eva
81%
14 Grace
81%
2 Amelia
80%
52 Chloe
80%
49 Jessica
80%
78 Ellie
79%
23 Sofia
79%
12 Sophia
79%
31 Alice
78%
13 Isabella
78%
5 Ivy
78%
30 Sophie
78%
75 Maria
77%
285 Amy
75%
72 Bella
75%
3 Isla
75%
134 Mollie
75%
73 Molly
75%
127 Victoria
75%
117 Zoe
75%
180 Laura
74%
85 Lucy
74%
11 Rosie
73%
15 Daisy
72%
27 Millie
72%
34 Ruby
72%
105 Abigail
71%
21 Evelyn
71%
192 Zahra
71%
69 Zara
71%
37 Aria
70%
223 Hollie
70%
95 Holly
70%
139 Julia
70%
112 Annie
69%
195 Ayat
69%
24 Evie
69%
17 Poppy
69%
233 Rebecca
69%
104 Georgia
68%
171 Lilah
68%
76 Lyla
68%
153 Rosa
68%
45 Violet
68%
6 Freya
67%
10 Willow
67%
161 Alexandra
66%
151 Arya
66%
64 Lola
66%
227 Bethany
64%
94 Clara
64%
8 Florence
64%
54 Layla
64%
55 Eleanor
63%
79 Gracie
63%
92 Jasmine
63%
150 Leah
63%
232 Leila
63%
74 Olive
63%
237 Lila
62%
124 Nora
62%
18 Elsie
61%
86 Myla
61%
270 Norah
61%
287 Annabel
60%
59 Erin
60%
113 Maddison
60%
168 Madison
60%
38 Penelope
60%
22 Phoebe
58%
44 Ada
57%
26 Harper
57%
70 Iris
57%
35 Luna
57%
109 Annabelle
56%
126 Sarah
56%
39 Mila
55%
62 Scarlett
55%
264 Diana
54%
176 Faith
54%
63 Harriet
54%
16 Sienna
54%
90 Summer
54%
166 Esther
53%
110 Francesca
53%
125 Hope
53%
103 Martha
53%
261 Nicole
53%
137 Nina
53%
36 Maisie
52%
28 Matilda
52%
88 Amber
51%
83 Edith
51%
128 Esmae
50%
46 Esme
50%
143 Gabriella
50%
272 Josephine
50%
226 Natalia
50%
87 Amelie
49%
48 Imogen
49%
218 Lena
49%
140 Lydia
49%
254 Melissa
49%
290 Nia
49%
149 Cora
48%
220 Flora
48%
294 Josie
48%
98 Lara
48%
165 Naomi
48%
156 Polly
48%
142 Ariana
45%
56 Aurora
45%
108 Autumn
45%
40 Bonnie
45%
299 Elise
45%
32 Emilia
45%
242 Brooke
44%
106 Eloise
44%
177 Dorothy
43%
148 Hazel
43%
136 Niamh
43%
178 Penny
43%
155 Sadie
43%
53 Thea
43%
163 Tilly
43%
99 Beatrice
42%
152 Elena
42%
213 India
42%
51 Lottie
42%
65 Nancy
42%
276 Neve
42%
66 Orla
42%
245 Alayna
41%
123 Felicity
41%
42 Hallie
41%
228 Lana
41%
202 Paige
41%
239 Quinn
41%
132 Aaliyah
40%
47 Arabella
40%
147 Darcey
40%
81 Darcie
40%
146 Darcy
40%
84 Heidi
40%
207 Riley
40%
209 Alana
39%
257 April
39%
224 Lucia
39%
187 Maggie
39%
82 Maryam
39%
275 Miriam
39%
296 Nell
39%
211 Alyssa
38%
130 Fatima
38%
58 Mabel
37%
219 Seren
37%
182 Lexi
36%
141 Savannah
36%
214 Aubrey
35%
101 Nellie
35%
256 Nelly
35%
116 Ophelia
35%
154 Connie
34%
91 Eden
34%
115 Edie
34%
231 Halle
34%
50 Delilah
33%
111 Frankie
33%
208 Liliana
33%
57 Margot
33%
278 Anya
32%
179 Betsy
32%
229 Billie
32%
258 Ida
32%
281 Nadia
32%
102 Nova
32%
129 Pippa
32%
286 Rosalie
32%
235 Georgie
31%
297 Lois
31%
252 Harley
30%
77 Maeve
30%
230 Mirha
30%
169 Piper
30%
241 Skyla
30%
200 Hattie
29%
157 Paisley
29%
67 Ayla
28%
172 Callie
28%
289 Faye
28%
167 Skye
28%
121 Aisha
27%
248 Amina
27%
234 Daphne
27%
217 Emmie
27%
295 Madeleine
27%
298 Melody
27%
144 Harlow
26%
80 Lyra
26%
260 Alina
25%
158 Amira
25%
185 Athena
25%
189 Eliana
25%
93 Elodie
25%
225 Talia
25%
266 Winter
25%
191 Everly
24%
107 Nevaeh
24%
279 Peyton
24%
246 Valentina
24%
119 Amaya
23%
135 Anastasia
23%
71 Robyn
23%
205 Winnie
23%
197 Ariella
22%
138 Cleo
22%
114 Indie
22%
244 Tabitha
22%
173 Amara
21%
184 Wren
21%
267 Alma
20%
190 Aoife
20%
263 Antonia
19%
240 Astrid
19%
238 Pearl
19%
120 River
19%
159 Skylar
19%
204 Aurelia
18%
259 Dottie
17%
199 Etta
17%
122 Marnie
17%
118 Ottilie
16%
131 Anaya
15%
201 Effie
15%
212 Nyla
15%
288 Nylah
15%
249 Tallulah
15%
170 Zainab
15%
250 Aya
14%
164 Beatrix
14%
236 Kiara
14%
206 Nola
14%
174 Remi
14%
293 Alessia
13%
175 Clementine
13%
203 Raya
13%
280 Alaya
12%
265 Noa
12%
282 Rae
12%
292 Alaia
11%
145 Alba
11%
193 Khadija
11%
251 Khadijah
11%
269 Noor
11%
162 Primrose
11%
221 Maeva
8%
271 Vienna
8%
243 Hafsa
7%
186 Zoya
7%
194 Ayda
6%
222 Dua
6%
284 Inaaya
6%
273 Inaya
6%
255 Safa
5%
291 Syeda
5%
262 Aleena
4%
283 Ayra
3%
268 Haniya
3%
188 Liyana
3%
277 Reeva
3%
300 Yusra
3%
196 Ayah
2%
No matching quizzes found
Score Distribution
Percent of People with Each Score
Percentile by Number Answered
Your Score History
You have not taken this quiz